000 004840000a22001810004500
003 MACL
005 20160224130341.0
008 160224b xxu||||| |||| 00| 0 eng d
040 _aMACL
_cMACL
041 _aHindi
082 _a800
100 _aसिंह शमशेर बहादुर
_939975
245 _aदो आब
260 _bसरस्‍वती प्रेस
_aबनारस
350 _a2
650 _aLiterature
_939976
942 _cHIN
_k800
_2ddc
999 _c23220
_d23220